000 01452naa a22003977a 4500
001 BR8106457
003 BR-BrBNA
005 20240918175006.0
007 ta
008 230509b bl.||||| |||| 00| 0 por d
040 _aBR-BrBNA
_bpor
_cBiblioteca Nacional de Agricultura
041 _a(Pt)
072 _aH10
_b1215
_b1124
_b0960
_b0313
_b0990
_b1190
_b4020
_b4030
_b3877
090 _aH10 BR8106457
100 1 _aMariconi, F.A.M.
245 1 _aPlantas frutiferas diversas [Bertholettia excelsa; Diospyros spp.; Fragaria spp.; Olea europeae; Inseto; Acaro; Praga de planta]
250 1 _a4. ed.
260 3 _aSao Paulo, SP (Brasil):
_bNobel,
_c1981.
500 _aMariconi, F.A.M. Inseticidas e seu emprego no combate as pragas v. 2 Praga das plantas cultivadas e dos produtos armazenados 4. ed. Sao Paulo, SP (Brasil): Nobel, 1981. p. 337-346 (BR8106457-AM)H10
650 _aCASTANHA DO PARA
650 _aCAQUI
650 _aJACA
650 _aMORANGO
650 _aAZEITONA
650 _aROMA
650 _aCIGARRINHA
650 _aCOCHONILHA
650 _aLAGARTA
650 _aBESOURO
650 _aPULGAO
650 _aINSETICIDA
650 _aPERCEVEJO
773 0 _tInseticidas e seu emprego no combate as pragas v. 2 Praga das plantas cultivadas e dos produtos armazenados
_aMariconi, F.A.M.
_wH10 BR8106457
_gSao Paulo, SP (Brasil), 1981. p. 337-346
909 _a202404
_bLucia
_c55
_dLucia Elande
942 _cAM
_2AGRIS
999 _c314479
_d314479